[Event "Danube op"]
[Site "Aschach"]
[Date "1998.12.31"]
[Round "7"]
[White "Kranzl, Peter"]
[Black "Kilgus, Georg"]
[Result "1-0"]
[WhiteElo "2280"]
[BlackElo "2210"]

1.e4 c5 2.c3 Nf6 3.e5 Nd5 4.Nf3 e6 5.d4 cxd4 6.cxd4 b6 7.Nc3 Nxc3 8.bxc3 Qc7
9.Bd2 Bb7 10.Bd3 d6 11.O-O Nd7 12.exd6 Bxd6 13.Re1 O-O 14.h3 Bf4 15.Ne5 Bxe5
16.dxe5 Nc5 17.Bc2 Rfd8 18.Qe2 Ba6 19.Qe3 Nd3 20.Qe4 Rd5 21.Re3 Rad8 22.Qh4 Nxe5
23.Qxh7+ Kf8 24.Be1 g5 25.c4 Bxc4 26.Bc3 Bd3 27.Bxe5 Rxe5 28.Qh8+ Ke7 29.Qxe5 Qxe5
30.Rxe5 Kf6 31.Re3 Bxc2 32.Rc1 Ba4 33.Ra3 Rd4 34.Rc7 a6 35.Rf3+ Rf4 36.Rxf4+ gxf4
37.Rc4 Be8 38.Rxf4+ Ke5 39.g3 a5 40.Rc4 Kd6 41.h4 f6 42.g4 e5 43.h5 Bf7 44.h6 Bg6
45.Rc8  1-0

[Event "Rilton Cup 9899"]
[Site "Stockholm"]
[Date "1998.12.31"]
[Round "4"]
[White "Gamback, Bjorn"]
[Black "Taimanov, Mark E"]
[Result "1/2-1/2"]
[WhiteElo "2215"]
[BlackElo "2455"]

1.e4 c5 2.c3 Nf6 3.e5 Nd5 4.d4 cxd4 5.Nf3 e6 6.cxd4 Be7 7.Nc3 Nxc3 8.bxc3 b6
9.Bf4 O-O 10.h4 Qc7 11.Qc2 Ba6 12.Ng5 Bxg5 13.hxg5 g6 14.Bxa6 Nxa6 15.Qd3 Rac8
16.Bd2 Qb7 17.Rh6 Kg7 18.O-O-O Rh8 19.Rdh1 Nb4 20.Qh3 Nd5 21.Rxh7+ Rxh7 22.Qxh7+ Kf8
23.Qh3 Qa6 24.Qf3 Ke7 25.Rh7 Rf8 26.Kb1 Qb5+ 27.Ka1 Qf1+ 28.Kb2 Qb5+ 29.Ka1 Qf1+
30.Kb2 Qb5+  1/2-1/2

[Event "Trinec op"]
[Site "Trinec"]
[Date "1998.12.31"]
[Round "6"]
[White "Babula, Pavel"]
[Black "Hanko, Pavel"]
[Result "0-1"]
[WhiteElo "2060"]
[BlackElo "2245"]

1.e4 c5 2.c3 Nf6 3.e5 Nd5 4.d4 cxd4 5.Nf3 Nc6 6.cxd4 d6 7.Bc4 e6 8.O-O Be7
9.a3 b6 10.b4 Bb7 11.Bb2 O-O 12.Nbd2 Rc8 13.Qb3 Nf4 14.Rfd1 Qc7 15.Qe3 Ng6
16.Bd3 Rfd8 17.h4 dxe5 18.dxe5 a5 19.h5 Nf8 20.h6 axb4 21.hxg7 Kxg7 22.Ne4 bxa3
23.Bxa3 Bxa3 24.Qg5+ Ng6 25.Rxa3 Nxe5 26.Qf6+ Kf8 27.Nfg5 Qe7 28.Nxh7+ Kg8
29.Qxe7 Nxe7 30.Nhf6+ Kg7 31.f4 Nc4 32.Rc3 Nb2 33.Rxc8 Nxc8 34.Rd2 Nxd3 35.Nh5+ Kh6  0-1

[Event "AUT-chT2O 9798"]
[Site "Austria"]
[Date "1998.??.17"]
[Round "8"]
[White "Palkovi, Jozsef"]
[Black "Kummer, Helmut"]
[Result "1-0"]
[WhiteElo "2410"]
[BlackElo "2380"]

1.e4 c5 2.c3 Nf6 3.e5 Nd5 4.Nf3 e6 5.Bc4 Nb6 6.Bb3 Nc6 7.d4 cxd4 8.cxd4 d6
9.exd6 Bxd6 10.O-O O-O 11.Nc3 Ne7 12.Re1 Ned5 13.Qd3 Be7 14.a3 Bd7 15.Bc2 g6
16.Bh6 Re8 17.Ne5 Bf8 18.Qf3 Qe7 19.Bxf8 Rxf8 20.Bb3 Nxc3 21.bxc3 Ba4 22.Ba2 Kg7
23.c4 Rab8 24.Qc3 Nd7 25.f4 Nxe5 26.fxe5 b6 27.Re3 Rbd8 28.Rf1 Kg8 29.Rh3 f5
30.d5 Qc5+ 31.Kh1 Bd7 32.Qd2 Bc8 33.Rd3 Kg7 34.h4 Rfe8 35.Re1 Bb7 36.h5 Qe7
37.Rh3 g5 38.d6 g4 39.h6+ Kh8 40.Rh5 Qf7 41.Rg5 Rg8 42.Rf1 Rg6 43.c5 Rxh6+
44.Kg1 Qe8 45.Rgxf5 exf5 46.e6 Rf6 47.e7 Rc8 48.Qd4 Qg6 49.d7  1-0

[Event "Lost Boys op"]
[Site "Antwerp"]
[Date "1998.??.??"]
[Round "2"]
[White "Van de Oudeweetering, Arthur"]
[Black "Leitao, Rafael"]
[Result "0-1"]
[WhiteElo "2345"]
[BlackElo "2515"]

1.e4 c5 2.c3 Nf6 3.e5 Nd5 4.d4 cxd4 5.Nf3 e6 6.cxd4 d6 7.a3 Bd7 8.Bd3 Bc6
9.O-O Nd7 10.Nbd2 Nf4 11.Be4 d5 12.Bc2 Bb5 13.Re1 Nd3 14.Re3 Nxc1 15.Rxc1 Rc8
16.Nb1 g6 17.Rc3 Bh6 18.Rxc8 Qxc8 19.Nbd2 Qd8 20.Ba4 Ba6 21.b4 b5 22.Qe2 Qb8
23.Bc2 Nb6 24.Bd3 Nc4 25.Rc3 Qb6 26.Nb3 Nxa3 27.h4 Nc4 28.Nh2 Bf8 29.Nc5 Be7
30.h5 Bc8 31.Ng4 a5 32.Qf3 axb4 33.Nf6+ Bxf6 34.Qxf6 Rg8 35.Rc1 Qd8 36.Rb1 gxh5
37.Bxh7 Qxf6 38.exf6 Rg4 39.Rxb4 Rxd4 40.Rxb5 Rf4 41.Rb8 Kd8 42.Bg6 Rxf6
43.Bxh5 Kc7 44.Ra8 Nd6 45.Nd3 Rh6 46.Bg4 Rh4 47.f3 f5 48.Bh3 Rd4 49.Ra7+ Kb6
50.Ra3 Nc4 51.Rc3 Rh4 52.Kf2 Bd7 53.f4 Bb5 54.Kf3 Rh8 55.Nf2 Nd2+ 56.Ke3 Nc4+
57.Kd4 Ra8 58.g4 Ra2 59.gxf5 Rxf2  0-1

[Event "BEL-chT 9798"]
[Site "Antwerp"]
[Date "1998.??.??"]
[Round "7"]
[White "Maes, Wim"]
[Black "Van Beers, Eddy"]
[Result "1/2-1/2"]
[WhiteElo "2215"]
[BlackElo "2275"]

1.e4 c5 2.c3 Nf6 3.e5 Nd5 4.d4 cxd4 5.Nf3 e6 6.cxd4 b6 7.Bd3 Bb4+ 8.Bd2 Bxd2+
9.Nfxd2 Ba6 10.Ne4 O-O 11.Nbc3 Nxc3 12.bxc3 Bxd3 13.Qxd3 Nc6 14.O-O Qe7  1/2-1/2

[Event "BEL-chT 9798"]
[Site "Antwerp"]
[Date "1998.??.??"]
[Round "8"]
[White "De Wit, Michel"]
[Black "Becker, Dieter"]
[Result "1/2-1/2"]
[WhiteElo "2305"]
[BlackElo "2070"]

1.e4 c5 2.c3 Nf6 3.e5 Nd5 4.d4 cxd4 5.Nf3 e6 6.cxd4 b6 7.Nc3 Nxc3 8.bxc3 Qc7
9.Bd2 d6 10.Bd3 Bb7 11.O-O Nd7 12.Re1 dxe5 13.Nxe5 Nxe5 14.dxe5 O-O-O 15.Bg5 Be7
16.Bxe7 Qxe7 17.Qe2 Kb8 18.Be4 Rd7 19.a4 Qc5 20.Bxb7 Rxb7 21.Red1 Rc8 22.Rd3 Qa5
23.Qe4 Rbc7 24.Rad1 Rc4 25.Qf3 Rxc3 26.Rxc3 Qxc3 27.Qxf7 Qxe5 28.g3 Qf6 29.Qd7 Rc7
30.Qd6 e5 31.Qd5 Rc2  1/2-1/2

[Event "BEL-chT 9798"]
[Site "Antwerp"]
[Date "1998.??.??"]
[Round "11"]
[White "Lemmers, Oscar"]
[Black "Baklan, Vladimir"]
[Result "0-1"]
[WhiteElo "2365"]
[BlackElo "2540"]

1.e4 c5 2.c3 Nf6 3.e5 Nd5 4.Nf3 e6 5.d4 cxd4 6.cxd4 b6 7.Bd3 Ba6 8.O-O Bxd3
9.Qxd3 Nc6 10.Nc3 Ncb4 11.Qe2 Be7 12.a3 Nxc3 13.bxc3 Nc6 14.c4 Na5 15.d5 Qc8
16.d6 Bd8 17.Nd2 O-O 18.Bb2 f5 19.Bc3 Nc6 20.f4 Qa6 21.Rfc1 Qa4 22.Kh1 Rb8
23.Rcb1 g5 24.Nb3 Kh8 25.Bd2 Rg8 26.Qd3 Rg7 27.Nd4 Nxd4 28.Qxd4 gxf4 29.Bxf4 Rc8
30.Rc1 b5 31.Rab1 bxc4 32.Rb4 Qc6 33.Bg3 Rg4 34.Qxa7 f4 35.Qd4 c3 36.Qe4 c2
37.Qxc6 Rxc6 38.Rxf4 Bg5 39.Rxg4 Bxc1 40.Bh4 Bg5  0-1

[Event "AUT-chT2W 9798"]
[Site "Austria"]
[Date "1998.??.??"]
[Round "10"]
[White "Huber, Wolfgang"]
[Black "Aigner, Matthias"]
[Result "1-0"]
[WhiteElo "2125"]
[BlackElo "1725"]

1.e4 c5 2.c3 Nf6 3.e5 Nd5 4.Nf3 b6 5.d4 cxd4 6.cxd4 e6 7.Nc3 Nxc3 8.bxc3 Bb7
9.Bd3 d6 10.O-O Be7 11.Re1 dxe5 12.Nxe5 O-O 13.Qh5 g6 14.Nxg6 fxg6 15.Bxg6 hxg6
16.Qxg6+ Kh8 17.Qh5+ Kg8 18.Re3 Bf6 19.Rg3+ Bg7 20.Rxg7+ Kxg7 21.Bh6+  1-0

[Event "AUT-chT 9899"]
[Site "AUT"]
[Date "1998.??.??"]
[Round "?"]
[White "Petschar, Kurt"]
[Black "Wittmann, Walter"]
[Result "1/2-1/2"]
[WhiteElo "2265"]
[BlackElo "2375"]

1.e4 c5 2.c3 Nf6 3.e5 Nd5 4.Nf3 e6 5.d4 cxd4 6.cxd4 d6 7.Bc4 dxe5 8.dxe5 Bb4+
9.Bd2 Be7 10.Nc3 Nxc3 11.Bxc3  1/2-1/2

[Event "AUT-chT 9899"]
[Site "AUT"]
[Date "1998.??.??"]
[Round "?"]
[White "Gerhold, Michael"]
[Black "Schumi, Manfred"]
[Result "0-1"]
[WhiteElo "2270"]
[BlackElo "2260"]

1.e4 c5 2.c3 Nf6 3.e5 Nd5 4.Nf3 Nc6 5.Bc4 Nb6 6.Bd3 c4 7.Bc2 Qc7 8.Qe2 g5
9.e6 dxe6 10.Nxg5 Qe5 11.d4 cxd3 12.Bxd3 Qxe2+ 13.Kxe2 h6 14.Ne4 Bg7 15.Na3 Nd5
16.Bd2 f5 17.Nc5 Ne5 18.Bb5+ Kf7 19.Rhe1 Nc7 20.Ba4 b6 21.f4 bxc5 22.fxe5 Bxe5
23.Kf2 Bd6 24.Nc4 Rb8 25.Bb3 Kf6 26.Rad1 e5 27.Bc1 Ne8 28.g3 Be6 29.Nxe5 Rxb3
30.Ng6 Rg8 31.Rxd6 Nxd6 32.Nf4 Ne4+ 33.Rxe4 fxe4 34.axb3 Bxb3 35.Nh5+ Kg6
36.Nf4+ Kf5 37.Be3 Rd8 38.Bxc5 e5 39.Ng2 Rd2+ 40.Kg1 a6 41.Ne3+ Ke6 42.Ba3 Re2
43.Ng2 Bd5 44.Kf1 Bc4 45.Kg1 e3 46.Bc5 Rxb2 47.Nxe3 Bd3 48.Ng4 h5 49.Nf2 Bg6
50.Kg2 a5 51.Kf3 a4 52.Nd1 Rb3  0-1

[Event "Bayern-ch Bank Hofmann 2nd"]
[Site "Bad Wiesse"]
[Date "1998.??.??"]
[Round "6"]
[White "Graf, Christian"]
[Black "Bierbach, Utz Friedrich"]
[Result "1-0"]
[WhiteElo "2240"]
[BlackElo "2095"]

1.e4 c5 2.c3 Nf6 3.e5 Nd5 4.d4 cxd4 5.Qxd4 e6 6.Nf3 Nc6 7.Qe4 Be7 8.Bc4 f5
9.Qe2 Nb6 10.Bb3 O-O 11.O-O h6 12.a4 Na5 13.Bc2 d5 14.exd6 Bxd6 15.b4 Nc6
16.Bb3 Qf6 17.Bb2 Kh7 18.c4  1-0

[Event "Bayern-ch Bank Hofmann 2nd"]
[Site "Bad Wiesse"]
[Date "1998.??.??"]
[Round "8"]
[White "Schoenberger, Peter"]
[Black "Broehl, Stefan"]
[Result "1/2-1/2"]
[WhiteElo "2085"]
[BlackElo "2195"]

1.e4 c5 2.c3 Nf6 3.e5 Nd5 4.Nf3 Nc6 5.Bc4 Nb6 6.Bb3 g6 7.O-O Bg7 8.d4 cxd4
9.cxd4 d5 10.h3 O-O 11.Nc3 f6 12.exf6 exf6 13.Re1 a5 14.Bf4 g5 15.Bh2 Bf5
16.Nb5 Qd7 17.Bd6 Rfe8 18.Rxe8+ Rxe8 19.Bc5 Nc8 20.Nc3 Be6 21.Qd3 Bf8 22.Bxf8 Rxf8
23.Re1 N8e7 24.Qe3 Bf7 25.Na4 Ng6 26.Qc3 Nf4 27.Nc5 Qc8 28.Nd3 Ng6 29.Ba4 Qc7
30.Qc5 Rc8 31.Rc1 Nge7 32.Qb5 Qb8 33.Nc5 Nd8 34.Re1 Nf5 35.Qb6 Qd6 36.Qxa5 Nxd4
37.Nxd4 Qxc5 38.Qxc5 Rxc5 39.Nf5 d4 40.Nd6 Bg6 41.Ne8 d3 42.Nxf6+ Kg7 43.Ng4 Nc6
44.Rd1 b5 45.Bb3 Nd4 46.Ne3 Nxb3 47.axb3 Kf6 48.Kf1 Ke5 49.Ke1 Rc7 50.Kd2 Rf7
51.Rf1 Kd4 52.f3 Kc5 53.Rc1+ Kb4 54.Rc3 Rd7 55.Ng4 Re7 56.Ne3 Re5 57.g3 Re6  1/2-1/2

[Event "Bad Zwesten op"]
[Site "Bad Zwesten"]
[Date "1998.??.??"]
[Round "7"]
[White "Zumsande, Martin"]
[Black "Streich, Gerhard"]
[Result "1-0"]
[WhiteElo "2230"]
[BlackElo "2220"]

1.e4 c5 2.c3 Nf6 3.e5 Nd5 4.d4 cxd4 5.Nf3 e6 6.cxd4 Nc6 7.a3 d6 8.Bd3 Be7
9.O-O O-O 10.Qe2 a6 11.Qe4 g6 12.Bh6 Re8 13.h4 f5 14.exf6 Nxf6 15.Qe2 Qa5
16.Nc3 Qh5 17.Bf4 Qg4 18.Qe3 Nh5 19.Bg5 Bxg5 20.Qxg5 Qxg5 21.hxg5 d5 22.Rfe1 Bd7
23.g3 b5 24.Ne5 Nxe5 25.Rxe5 Rf8 26.Kg2 Ng7 27.Ne2 Rac8 28.Nc1 Nf5 29.Nb3 Rc6
30.Nc5 Bc8 31.Bxf5 Rxf5 32.Rxf5 gxf5 33.Re1 Kf7 34.Kf3 Kg6 35.Kf4 h6 36.gxh6 Kxh6
37.Ke5 Kg7 38.Rc1 Kf7 39.Nd3 Rxc1 40.Nxc1 b4 41.axb4 Kg6 42.Nd3 Kg5 43.f3  1-0

[Event "Stadtcasino op 3rd"]
[Site "Baden"]
[Date "1998.??.??"]
[Round "3"]
[White "Jahn, Constanze"]
[Black "Kaenel, Hansjuerg"]
[Result "0-1"]
[WhiteElo "2175"]
[BlackElo "2385"]

1.e4 c5 2.c3 Nf6 3.e5 Nd5 4.d4 cxd4 5.Nf3 Nc6 6.Bc4 Nb6 7.Bb3 d6 8.exd6 e6
9.Na3 Bxd6 10.Nb5 O-O 11.Nxd6 Qxd6 12.cxd4 Rd8 13.O-O Nxd4 14.Nxd4 Qxd4 15.Qh5 Bd7
16.Rd1 Qe4 17.Bg5 Bc6 18.f3 Rxd1+ 19.Rxd1 Qe5 20.Qg4 Qxb2 21.Be3 Qf6 22.Bc2 Nd5
23.Bd4 Qh6 24.Re1 a5 25.h3 Re8 26.Qg3 f5 27.Bb3 Qg6 28.Qd6 Qf7 29.Bb2 Qe7
30.Qe5 a4 31.Bxd5 Bxd5 32.Rc1 Bc6 33.Rd1 h6 34.Rd6 Qf7 35.Rd3 Kh7 36.Kh1 Re7
37.Re3 Bd5 38.a3 Rc7 39.Bc3 Rc4 40.Rd3 Qg6 41.Rd2 Qg5 42.Bb2 b5 43.Re2 b4
44.axb4 Rxb4 45.Rc2 a3 46.Bd4 f4 47.Qxg5 hxg5 48.Be5 a2  0-1

[Event "Stadtcasino op 3rd"]
[Site "Baden"]
[Date "1998.??.??"]
[Round "6"]
[White "Jenni, Florian"]
[Black "Ammann, Walter"]
[Result "1-0"]
[WhiteElo "2415"]
[BlackElo "2260"]

1.e4 c5 2.c3 Nf6 3.e5 Nd5 4.d4 cxd4 5.Nf3 Nc6 6.Bc4 Nb6 7.Bb3 d6 8.exd6 Qxd6
9.O-O dxc3 10.Nxc3 Qxd1 11.Rxd1 Bg4 12.Nb5 Rc8 13.Be3 Bxf3 14.gxf3 h5 15.Rac1 a6
16.Rxc6 bxc6 17.Na7 Rd8 18.Bxf7+ Kxf7 19.Rxd8 Nd5 20.Nxc6 Nxe3 21.fxe3 Rh6
22.Ne5+ Ke6 23.Nd7  1-0

[Event "Baunatal op 4th"]
[Site "Baunatal"]
[Date "1998.??.??"]
[Round "4"]
[White "Schmittdiel, Eckhard"]
[Black "Majer, Damir"]
[Result "0-1"]
[WhiteElo "2470"]
[BlackElo "2295"]

1.e4 c5 2.c3 Nf6 3.e5 Nd5 4.Nf3 e6 5.d4 cxd4 6.cxd4 b6 7.Nc3 Nxc3 8.bxc3 Qc7
9.Bd2 Be7 10.Bd3 Ba6 11.Bxa6 Nxa6 12.O-O O-O 13.Qe2 Qb7 14.Ng5 Nc7 15.f4 Rac8
16.Rf3 f5 17.Nxh7 Kxh7 18.Rh3+ Kg8 19.Qh5 Nd5 20.Qg6 Nf6 21.exf6 Rxf6 22.Qh7+ Kf7
23.Rg3 Bf8 24.Qh5+ Kg8 25.Qe2 Qd5 26.a4 Qc4 27.Qxc4 Rxc4 28.a5 b5 29.a6 Ra4
30.Rb1 Rxa6 31.Rxb5 Ra2 32.Rd3 d5 33.Kf1 Rf7 34.Ke2 a5 35.Kd1 a4 36.Rb1 Bd6
37.g3 Ra7 38.Re3 Kf7 39.Re2 Ke7 40.c4 dxc4 41.d5 a3 42.Rxe6+ Kd7 43.Rg6 Rb2
44.Rxb2 axb2 45.Kc2 Rb7 46.Rxg7+ Be7 47.Kb1 Rb3 48.h4 Ke8 49.Rg8+ Kf7 50.Rc8 Rd3
51.Kxb2 Rxd2+ 52.Kc3 Rxd5 53.Kxc4 Rd1 54.Ra8 Bf6 55.Ra5 Rd4+ 56.Kb3 Ke6 57.Kc2 Rc4+
58.Kd1 Bd4 59.g4 fxg4 60.Rg5 Be3 61.Ke2 Bxf4 62.Rxg4 Kf5 63.Kd3 Rc8 64.Rg7 Rd8+
65.Kc4 Rh8 66.Kd5 Rxh4 67.Rf7+ Kg6 68.Rf8 Bg5 69.Rg8+ Kf5 70.Re8 Bf6 71.Re1 Rd4+
72.Kc5 Rd2 73.Rh1 Ke6 74.Kc4 Rc2+ 75.Kd3 Rc3+ 76.Ke4 Rc4+ 77.Kd3 Rd4+ 78.Ke3 Be5
79.Ra1 Rb4 80.Rd1 Kf5 81.Rf1+ Bf4+ 82.Kd3 Ke5 83.Ra1 Rd4+ 84.Kc2 Ke4 85.Rd1 Rc4+
86.Kb3 Rc8 87.Kb4 Be5 88.Kb5 Bd4 89.Rh1 Kd5 90.Rh5+ Be5 91.Rh6 Ra8 92.Ra6 Rc8
93.Rh6 Rc5+ 94.Kb4 Rc1 95.Rh3 Rb1+ 96.Rb3 Ra1 97.Rh3 Bd6+ 98.Kb5 Rb1+ 99.Ka4 Bc5
100.Rb3 Ra1+ 101.Kb5 Ra8 102.Rd3+ Bd4 103.Rb3 Ra7 104.Kb4 Rc7 105.Kb5 Rc6
106.Kb4 Rc4+ 107.Kb5 Bc3 108.Rb1 Rc8 109.Ka6 Rc7 110.Rb5+ Kc4 111.Rh5 Bd4  0-1

[Event "Landesliga Nord9798"]
[Site "Bayern"]
[Date "1998.??.??"]
[Round "?"]
[White "Renner, Manfred"]
[Black "Link, Klaus"]
[Result "1-0"]
[WhiteElo "2030"]
[BlackElo "1975"]

1.e4 c5 2.c3 Nf6 3.e5 Nd5 4.d4 d6 5.Nf3 Nc6 6.exd6 Qxd6 7.Na3 e6 8.Nc4 Qc7
9.Nce5 Bd6 10.Nxc6 bxc6 11.c4 Nf6 12.Be2 O-O 13.O-O cxd4 14.Qxd4 c5 15.Qh4 Bb7
16.Rd1 Rab8 17.b3 Nd7 18.Bb2 h6 19.Rd2 Ne5 20.Nxe5 Bxe5 21.Bxe5 Qxe5 22.Rad1 Bc6
23.Qe7 Rb7 24.Qd6 Qxd6 25.Rxd6 Rc7 26.f3 a5 27.Kf2 g5 28.Ke3 Kg7 29.Rd8 Rc8
30.R8d6 Rfe8 31.Bd3 f5 32.Bc2 h5 33.h3 Kf6 34.Kf2 h4 35.Re1 Re7 36.g4 hxg3+
37.Kxg3 f4+ 38.Kg2 Bb7 39.Rb6 Rc6 40.Rb5 Rd6 41.Kf2 Rd2+ 42.Re2 Rxe2+ 43.Kxe2 Rc7
44.Rxa5 Ke5 45.Rb5 Kd4 46.Rb6 Bc6 47.a4 e5 48.a5 e4 49.Bxe4 Bxe4 50.fxe4 Kxe4
51.a6 Kf5 52.Rb7 Rc6 53.a7 Ra6 54.b4 cxb4 55.c5 b3 56.c6 b2 57.c7  1-0

[Event "Regionalliga SO9798"]
[Site "Bayern"]
[Date "1998.??.??"]
[Round "?"]
[White "Stroeher, Wolfgang"]
[Black "Kislinger, Georg"]
[Result "1/2-1/2"]
[WhiteElo "1945"]
[BlackElo "2080"]

1.e4 c5 2.c3 Nf6 3.e5 Nd5 4.d4 cxd4 5.cxd4 e6 6.a3 b6 7.Nf3 Be7 8.Bd3 Ba6
9.O-O O-O 10.Re1 Bxd3 11.Qxd3 Nc6 12.Nbd2 d6 13.Ne4 h6 14.Bd2 Rc8 15.Rac1 dxe5
16.dxe5 Qd7 17.Ng3 Rfd8 18.Qe4 Bf8 19.Qg4 Kh8 20.Ne4 Na5 21.Rcd1 Nc4 22.Bg5 Be7
23.Bc1  1/2-1/2

[Event "Regionalliga NO9899"]
[Site "Bayern"]
[Date "1998.??.??"]
[Round "?"]
[White "Roeder, Frank"]
[Black "Gazmaga, Stefan"]
[Result "1-0"]
[WhiteElo "2220"]
[BlackElo "2140"]

1.e4 c5 2.c3 Nf6 3.e5 Nd5 4.d4 cxd4 5.cxd4 b6 6.Nc3 Nxc3 7.bxc3 Qc7 8.Bd2 Bb7
9.f4 e6 10.Nf3 Be7 11.Bd3 Nc6 12.Qe2 Rc8 13.Rc1 Na5 14.c4 b5 15.c5 a6 16.O-O Bd5
17.Ng5 g6 18.Ne4 Nc6 19.Nd6+ Bxd6 20.exd6 Qd8 21.f5 gxf5 22.Rxf5 Nxd4 23.Qe5 Rg8
24.Rg5 Qxg5 25.Bxg5 h6 26.Qxd4 hxg5 27.Bh7 Rf8 28.Qf6  1-0

[Event "Landesliga Nord9798"]
[Site "Bayern"]
[Date "1998.??.??"]
[Round "?"]
[White "Hepting, Heinrich"]
[Black "Jirovsky, Petr"]
[Result "0-1"]
[WhiteElo "2145"]
[BlackElo "2260"]

1.e4 c5 2.c3 Nf6 3.e5 Nd5 4.d4 cxd4 5.Qxd4 e6 6.Nf3 Nc6 7.Qe4 f5 8.Qe2 d6
9.Nbd2 Qc7 10.Nc4 dxe5 11.Ncxe5 Be7 12.Nxc6 bxc6 13.g3 Bf6 14.Qc2 h6 15.a3 O-O
16.c4 Ne7 17.Bg2 e5 18.O-O Bb7 19.c5 Rad8 20.Re1 Bc8 21.Nd2 Be6 22.Nc4 Bxc4
23.Qxc4+ Nd5 24.Bd2 Kh8 25.Rad1 e4 26.b4 Rd7 27.Bh3 Be5 28.Qb3 Rdf7 29.f4 exf3
30.Qxf3 f4 31.g4 Ne3 32.Rc1 Bb2 33.Rb1 Bd4 34.Kh1 Nc4 35.Bc1 Be3 36.Bg2 Rf6
37.Rd1 Ne5 38.Qe4 Bxc1 39.Rdxc1 Nxg4 40.Qf3 Ne5 41.Qe4 f3 42.Bh3 Rf4 43.Qc2 Rh4
44.Be6 Nd3 45.Rd1 f2 46.h3 Ne1 47.Rxe1 fxe1=Q+ 48.Rxe1 Rhf4 49.Qd2 Qe7 50.Qd6 Qf6
51.Qd3 Re8 52.Qe2 Rxe6  0-1

[Event "Regionalliga NW9899"]
[Site "Bayern"]
[Date "1998.??.??"]
[Round "?"]
[White "Kraft, Wolfgang"]
[Black "Bittner, Harald"]
[Result "1-0"]
[WhiteElo "2065"]
[BlackElo "2000"]

1.e4 c5 2.c3 Nf6 3.e5 Nd5 4.Nf3 d6 5.exd6 e6 6.d4 Bxd6 7.Bd3 Nc6 8.dxc5 Bxc5
9.O-O O-O 10.Qc2 f5 11.Re1 Qd6 12.Bc4 Bb6 13.Na3 a6 14.Bb3 Kh8 15.Nc4 Qc5
16.Nxb6 Qxb6 17.Ne5 Nxe5 18.Rxe5 Qd6 19.Qe2 h6 20.Bd2 Nf6 21.Bf4 g5 22.Rd1 Qc6
23.Be3 b6 24.f3 Rg8 25.Bd4 Kh7 26.Bxe6 g4 27.Bxg8+ Kxg8 28.Re7 gxf3 29.gxf3 Kf8
30.Bxf6 Qxf6 31.Rd8+  1-0

[Event "Regionalliga NW9798"]
[Site "Bayern"]
[Date "1998.??.??"]
[Round "?"]
[White "Jahrsdoerfer, Gerd"]
[Black "Kolin, Julius"]
[Result "1/2-1/2"]
[WhiteElo "2010"]
[BlackElo "2190"]

1.e4 c5 2.c3 Nf6 3.e5 Nd5 4.d4 cxd4 5.Bc4 Qc7 6.Qe2 Nb6 7.Bb3 e6 8.Nf3 Nc6
9.O-O d3 10.Qe4 Na5 11.Bf4 Nbc4 12.Bxc4 Nxc4 13.b3 d5 14.exd6 Bxd6 15.Bxd6 Nxd6
16.Qxd3  1/2-1/2

[Event "Regionalliga NW9798"]
[Site "Bayern"]
[Date "1998.??.??"]
[Round "?"]
[White "Jahrsdoerfer, Gerd"]
[Black "Strobel, Walter"]
[Result "1/2-1/2"]
[WhiteElo "2010"]
[BlackElo "2205"]

1.e4 c5 2.c3 Nf6 3.e5 Nd5 4.Nf3 e6 5.d4 cxd4 6.Bc4 dxc3 7.Bxd5 cxb2 8.Bxb2 Qa5+
9.Nc3 Bb4 10.O-O Bxc3 11.Bxc3 Qxd5 12.Qc2 Nc6 13.Rad1 Qc5 14.Rfe1 O-O 15.Re4 f5
16.exf6 Rxf6 17.Qd2 Rg6 18.Ne5 Nxe5 19.Bxe5 d5 20.Rc1 Qe7 21.Re3 Qg5 22.f4 Qf5
23.Rc7 b6 24.Rg3 Qb1+ 25.Kf2 Rxg3 26.Kxg3 Ba6 27.Rxg7+ Kf8 28.Qd4 Qd3+ 29.Kh4 Qxd4
30.Bxd4 Bd3 31.Kg5 Be4 32.Kf6 Rc8 33.g4 a5 34.Be5 Rc6 35.h4 d4 36.Rd7 Ke8
37.Rxd4 Bd5 38.g5 Kf8 39.h5 Kg8 40.g6 hxg6 41.hxg6 Rc1 42.g7 b5 43.Rd2 Rg1
44.Ke7 Rg2 45.Rd3 b4 46.Rh3 Rxg7+ 47.Bxg7 Kxg7 48.Rg3+ Kh6 49.Kf6 Kh5 50.a3  1/2-1/2

[Event "Regionalliga NW9798"]
[Site "Bayern"]
[Date "1998.??.??"]
[Round "?"]
[White "Kraft, Wolfgang"]
[Black "Zschunke, Werner"]
[Result "1-0"]
[WhiteElo "2040"]
[BlackElo "2025"]

1.e4 c5 2.c3 Nf6 3.e5 Nd5 4.d4 Nc6 5.Nf3 cxd4 6.cxd4 d6 7.exd6 Qxd6 8.Nc3 Bg4
9.Be2 g6 10.h3 Bf5 11.Bc4 Nb6 12.Bb3 Bg7 13.d5 Nb4 14.g4 Nd3+ 15.Kf1 Nxc1
16.Rxc1 Bd7 17.Kg2 h5 18.Nd4 hxg4 19.hxg4 Rxh1 20.Kxh1 Qf4 21.Nce2 Qxg4 22.Qd3 e5
23.dxe6 Ke7 24.Qg3 Qe4+ 25.f3 Rh8+ 26.Kg2 Qe3 27.exd7 Bxd4 28.Re1 Be5 29.Nf4 Qd2+
30.Kg1 Qd4+ 31.Kg2 Qxb2+ 32.Kg1 Qd4+ 33.Kg2 Kd8 34.Qg5+ Bf6 35.Qb5 Nxd7 36.Rd1 Qb2+
37.Ne2 Ke7 38.Qxd7+ Kf8 39.Qxf7+  1-0

[Event "Regionalliga NW9798"]
[Site "Bayern"]
[Date "1998.??.??"]
[Round "?"]
[White "Kraus, Josef"]
[Black "Bittner, Harald"]
[Result "0-1"]
[WhiteElo "2050"]
[BlackElo "1950"]

1.e4 c5 2.c3 Nf6 3.e5 Nd5 4.d4 cxd4 5.Bc4 Nb6 6.Bb3 Nc6 7.Nf3 d5 8.exd6 Qxd6
9.cxd4 Na5 10.Bc2 Bg4 11.O-O Nc6 12.Be3 Rc8 13.Nc3 e6 14.Bb3 Na5 15.Bc2 Be7
16.d5 O-O 17.dxe6 Qxe6 18.Qd3 g6 19.Nd4 Qc4 20.Qe4 Be6 21.Bd3 Bf5 22.Nxf5 Qxe4
23.Nh6+ Kg7 24.Bxe4 f5 25.Bd3 Nac4 26.Bc1 Ne5 27.Bb1 f4 28.Re1 Bd6 29.Rxe5 Bxe5
30.Ng4 Rxc3 31.Bd2 Rd8 32.Be4 Rc4 33.Nxe5 Rxe4 34.Bc3 Kg8 35.Kf1 Nc4 36.f3 Rxe5
37.Bxe5 Nxe5 38.Re1 Rd5 39.Re4 g5 40.h4 h6 41.hxg5 hxg5 42.Rb4 Kf7 43.Rb3 Ke6
44.Rb4 Kd6 45.Re4 Nd3 46.Ra4 a5 47.b3 Nb4 48.Ke1 Nc2+ 49.Ke2 Rd4  0-1

[Event "Regionalliga SO9899"]
[Site "Bayern"]
[Date "1998.??.??"]
[Round "?"]
[White "Graf, Christian"]
[Black "Gschwendtner, Stanislav"]
[Result "1/2-1/2"]
[WhiteElo "2160"]
[BlackElo "2060"]

1.e4 c5 2.c3 Nf6 3.e5 Nd5 4.d4 cxd4 5.Qxd4 e6 6.Nf3 Qc7 7.Nbd2 f5 8.exf6 Nxf6
9.Ne4 Be7 10.Bd3 O-O 11.O-O Nc6 12.Nxf6+ Bxf6 13.Qe4 g6 14.Bh6 d5 15.Qe2 Re8
16.Bb5 a6 17.Ba4 Bd7 18.Rfe1 b5 19.Bb3 Na5 20.Ne5 Nxb3 21.axb3 Qxe5 22.Qxe5 Bxe5
23.Rxe5 Rec8 24.Be3 a5 25.h4 a4 26.bxa4 bxa4 27.Bd4 Rab8 28.Ra2 Rf8 29.h5 Rf5
30.hxg6  1/2-1/2

[Event "Regionalliga NW9798"]
[Site "Bayern"]
[Date "1998.??.??"]
[Round "?"]
[White "Scheidt, Karl Heinz"]
[Black "Strobel, Walter"]
[Result "0-1"]
[WhiteElo "1965"]
[BlackElo "2205"]

1.e4 c5 2.c3 Nf6 3.e5 Nd5 4.d4 cxd4 5.Nf3 e6 6.cxd4 b6 7.Nc3 Nxc3 8.bxc3 Qc7
9.Bd2 d6 10.Bd3 Nd7 11.Qe2 dxe5 12.Nxe5 Nxe5 13.dxe5 Bc5 14.O-O Bb7 15.Bg5 h6
16.Bh4 g5 17.Bg3 h5 18.h4 O-O-O 19.Be4 f5 20.Bxb7+ Qxb7 21.hxg5 h4 22.Bf4 h3
23.Qf3 Qxf3 24.gxf3 Rd3 25.Be3 Bxe3 26.fxe3 Rxe3 27.Kf2 Rxe5 28.Rae1 Rxe1
29.Rxe1 Kd7 30.f4 Rc8 31.Re3 h2 32.Kg2 Rh8 33.Kh1 Rh4 34.Rg3 Ke7 35.Rf3 Kf7
36.Rf2 Kg6 37.Re2 Rxf4 38.Rxe6+ Kxg5 39.Re2 Re4 40.Rg2+ Rg4 41.Rd2 Rh4 42.Rd7 f4
43.Rxa7 f3 44.Rg7+ Kf4 45.Rf7+ Ke3 46.Re7+ Re4 47.Rf7 f2 48.Kxh2 Ke2 49.Kg2 Rg4+
50.Kh3 Rg1  0-1

[Event "Regionalliga SW9798"]
[Site "Bayern"]
[Date "1998.??.??"]
[Round "?"]
[White "Fischer, Michael"]
[Black "Antemia, Paul"]
[Result "0-1"]
[WhiteElo "2005"]
[BlackElo "2105"]

1.e4 c5 2.c3 Nf6 3.e5 Nd5 4.d4 cxd4 5.Nf3 e6 6.Bc4 Nb6 7.Bb3 d6 8.exd6 Bxd6
9.cxd4 O-O 10.O-O Bd7 11.Nc3 Bc6 12.Re1 N8d7 13.Qd3 Nc5 14.Qe2 Nxb3 15.axb3 a6
16.Be3 f6 17.Nd2 Re8 18.Nc4 Bc7 19.Rad1 Nd5 20.Qg4 Qd7 21.Bc1 Qf7 22.Qh4 Rad8
23.Ne4 Ne7 24.Qh3 Nf5 25.Qc3 Qg6 26.f3 Nh4 27.Re2 f5 28.Ned2 e5 29.Nxe5 Bxe5
30.dxe5 Nxf3+ 31.Kh1 Nxe5 32.Rde1 Rd3 33.Qc2 Re3 34.Nc4 Qxg2+ 35.Rxg2 Rxe1+  0-1

[Event "Landesliga Sued 9899"]
[Site "Bayern"]
[Date "1998.??.??"]
[Round "?"]
[White "Wolf, Gerhard"]
[Black "Riedel, Lutz"]
[Result "1-0"]
[WhiteElo "2005"]
[BlackElo "1970"]

1.e4 c5 2.c3 Nf6 3.e5 Nd5 4.d4 cxd4 5.cxd4 e6 6.Nc3 d6 7.Nf3 Nc6 8.Bb5 Bd7
9.Nxd5 exd5 10.O-O Be7 11.exd6 Bxd6 12.Re1+ Kf8 13.h3 Qb6 14.Ba4 Rd8 15.Bb3 Bb4
16.Bd2 Bf5 17.Bc3 Be7 18.Qd2 Qc7 19.Rac1 h5 20.Ne5 Rh6 21.Qf4 Qc8 22.Nxc6 Rxc6
23.Rxe7 Kxe7 24.Bb4+ Ke8 25.Ba4 Qd7  1-0

[Event "Landesliga Sued 9899"]
[Site "Bayern"]
[Date "1998.??.??"]
[Round "?"]
[White "Buchert, Wolfgang"]
[Black "Hartl, Rainer"]
[Result "1-0"]
[WhiteElo "2065"]
[BlackElo "1940"]

1.e4 c5 2.c3 Nf6 3.e5 Nd5 4.Nf3 e6 5.d4 cxd4 6.cxd4 b6 7.Bd2 Bb7 8.Nc3 Be7
9.Bc4 Nxc3 10.Bxc3 d5 11.Bb5+ Nc6 12.O-O Qc8 13.Rc1 Ba6 14.Qa4 Bxb5 15.Qxb5 Qd7
16.a4 Nb4 17.Bxb4 Qxb5 18.axb5 Bxb4 19.Rc7 O-O 20.Ra1 Rfc8 21.Rb7 h6 22.Kf1 Ba5
23.b4 Bxb4 24.Rbxa7 Rxa7 25.Rxa7 Ba5 26.Ke2 g6 27.Ne1 Rc4 28.Nd3 Rc2+ 29.Kf1 Rc3
30.Nc5 Rc1+ 31.Ke2 Rb1 32.Nd7 Rxb5 33.Nf6+ Kg7 34.g4 Rb2+ 35.Kf3 Bb4 36.Ne8+ Kf8
37.Ra8 h5 38.g5 Rb3+ 39.Kg2 f5 40.gxf6 Ra3 41.Rb8 Kf7 42.Ng7 Ra7 43.Rxb6 Ba5
44.Rc6 Rc7 45.Ra6 Bd2 46.Nxe6 Rd7 47.Ng5+ Bxg5 48.e6+  1-0